| 000 | 00887cam a2200241 4500 | ||
|---|---|---|---|
| 001 | ABS62705 | ||
| 008 | 000000n2000 000 0 eng u | ||
| 035 | _a(Sirsi) u108013 | ||
| 100 | _aMagnus, A. | ||
| 245 | _aPartnerships unlimited | ||
| 260 | _c2000 | ||
| 490 |
_aProperty Week _v65(32) 18 August 2000, 52-53(2) |
||
| 520 | _aConsiders whether Limited Liability Partnerships (LLPs) are likely to become the investment vehicle of choice for joint ventures. Suggests that they will prove popular and that the first LLPs will be registered in Autumn 2001. | ||
| 590 | _aABS | ||
| 650 | _aLIMITED LIABILITY PARTNERSHIPS | ||
| 650 | _aJOINT VENTURES | ||
| 650 | _aPARTNERSHIPS | ||
| 650 | _aPROPERTY INVESTMENT | ||
| 650 | _aINVESTMENT VEHICLES | ||
| 690 | _aPROPERTY-COMMERCIAL PROPERTY-COMMERCIAL PROPERTY FINANCE AND INVESTMENT | ||
| 700 | _aMartin, J. | ||
| 942 | _n0 | ||
| 999 |
_c64530 _d64530 |
||